|
|
|
|
| LEADER |
00000nam0a2200000 4500 |
| 001 |
141397 |
| 005 |
20231031142424.0 |
| 029 |
1 |
0 |
|a RU
|b 4.02-91; 4.05-91
|c СНиП
|
| 035 |
|
|
|a (RuTPU)RU\TPU\book\153248
|
| 035 |
|
|
|a RU\TPU\book\153247
|
| 090 |
|
|
|a 141397
|
| 100 |
|
|
|a 20080813d1994 k a0rusy50 ca
|
| 101 |
0 |
|
|a rus
|
| 102 |
|
|
|a RU
|
| 105 |
|
|
|a a l 000zy
|
| 200 |
1 |
|
|a Сборники сметных норм и расцнок на строительные работы
|a Кровли
|f Госстрой СССР
|h Сборник 12
|
| 205 |
|
|
|a Изд. офиц.
|
| 210 |
|
|
|a Москва
|c Стройиздат
|d 1994
|
| 215 |
|
|
|a 23 с.
|c ил.
|
| 225 |
1 |
|
|a Строительные нормы и правила
|
| 229 |
|
|
|a Утверждены постановлением Государственного строительного комитета СССР от 29 декабря 1990 г. № 115
|a Взамен сборников элементных сметных норм и единых районных единичных расценок на строительные конструкции и работы (ЕРЕР-84). Сборник 12. Кровли
|
| 610 |
1 |
|
|a СНиПы
|
| 610 |
1 |
|
|a строительные нормы и правила
|
| 610 |
1 |
|
|a сметные нормы
|
| 610 |
1 |
|
|a кровельные покрытия
|
| 610 |
1 |
|
|a кровли
|
| 610 |
1 |
|
|a утеплители
|
| 675 |
|
|
|a 69(083)
|v 3
|
| 712 |
0 |
1 |
|a СССР
|b Государственный комитет по делам строительства (Госстрой СССР)
|c (1950-1991)
|2 stltpush
|3 (RuTPU)RU\TPU\col\7934
|
| 801 |
|
1 |
|a RU
|b 63413507
|c 20080812
|g PSBO
|
| 801 |
|
2 |
|a RU
|b 63413507
|c 20221207
|g PSBO
|
| 942 |
|
|
|c BK
|